|
|
|
|
| LEADER |
00000nam a2200000 a 4500 |
| 001 |
vtls001263539 |
| 003 |
SK-MaSNL |
| 005 |
20260302032304.0 |
| 008 |
240315s1983 xx 0 und |
| 035 |
|
|
|a SNK000214446
|
| 040 |
|
|
|a SNK
|b slo
|c SNK
|e AACR2
|
| 100 |
1 |
|
|a Příhoda, Václav
|4 aut
|9 285972
|
| 245 |
1 |
|
|a Ontogeneze lidské psychiky
|n 2
|p Vývoj člověka od patnácti do třiceti let
|c Václav Příhoda
|
| 260 |
|
|
|a Praha
|b Státní pedagogické nakladatelství
|c 1983
|
| 300 |
|
|
|a 229 s.
|
| 958 |
|
|
|a OND
|
| 999 |
|
|
|c 1055708
|d 1057638
|
| 952 |
|
|
|t P60, <04>, [BOOK], {604}
|a SNK
|b SNK
|y VYP
|7 0
|p 17A0014591
|o snkIC 90843/2 D1
|0 0
|1 1
|4 0
|d 1996-10-16
|l 0
|r 2005-01-01 00:00:00
|w 2026-02-24
|
| 952 |
|
|
|t P60, <04>, [BOOK], {604}
|a SNK
|b SNK
|y VYP
|7 0
|p 17A0053505
|o snkIC 90843/2
|0 0
|1 0
|4 0
|d 1997-03-07
|l 0
|r 2005-01-01 00:00:00
|w 2026-02-24
|